LEADER 01786nam a2200313 u 4500 001 000000012913 003 CaOOAMICUS 005 20211207165541.0 008 940712s1963 gw u000 u mul u 032 $aLibriCat 035 $a10309572 040 $aPUL(R)$bita 111 2 $aCongrès international de philosophie médiévale$n(2ème :$d1961 :$cColonia).$0(OLS)http://pul/name/79667 245 14$aDie Metaphysik im Mittelalter, ihr Ursprung und ihre Bedeutung :$bVorträge des II. Internationalen Kongresses für mittelalterliche Philosophie, Köln 31. August - 6. September 1961 /$cIm Auftrage der Société internationale pour l'étude de la philosophie médiévale (S.I.E.P.M.) ; unter Mitarbeit von Willehad Pul Eckert. 260 $aBerlin :$bW. de Gruyter,$c1963. 300 $axxii, 795 p. ;$c25 cm 490 1 $aMiscellanea mediaevalia ;$vBd. 2 500 $aArticles German, French, English, Italian, Latin and Spanish. 650 4$aMetafisica$yEvo medio.$0(OLS)http://pul/subject/6615 700 1 $aWilpert, Paul,$d1906-1967.$0(OLS)http://pul/name/2764 710 2 $aInternational Society for the Study of Medieval Philosophy.$0(OLS)http://pul/name/12242 830 0$aMiscellanea mediaevalia ;$vBd. 2.$0(OLS)http://pul/title/407 850 $aPUL 852 $aPUL$W1$xSL Filosofia 1$y2$m105 F 2$j18212$nBK-PRI$b $qStampati$B18212$CPULBib$Z2$F18212 $H $81 941 1 $a8 961 $aINV: 29641 996 $6245$aDie Metaphysik im Mittelalter, ihr Ursprung und ihre Bedeutung :$bVorträge des II. Internationalen Kongresses für mittelalterliche Philosophie, Köln 31. August - 6. September 1961$9(OLS)http://pul/title/18681 996 $6260$aBerlin :$bW. de Gruyter$9(OLS)http://pul/publisher/48032 LEADER 01122nam a2200277 a 4500 001 000000149205 003 CaOOAMICUS 005 20160208140804.0 008 160208s1970 fr u000 u fre r 032 $aLibriCat 040 $aPUL$bita 041 1 $afre$heng 100 1 $aSchoonenberg, Piet,$cS.I.,$d1911-1999.$0(OLS)http://pul/name/11860 240 10$aCovenant and creation.$lFrancese.$0(OLS)http://pul/title/188120 245 10$aAlliance et création / $cPiet Schoonenberg, s.j. ; version française de Michel Martron. 260 $aTours :$bMame,$c1970. 300 $a228 p. ;$c22 cm. 650 4$aAlleanza (teologia).$0(OLS)http://pul/subject/10227 650 4$aCreazione.$0(OLS)http://pul/subject/1621 700 1 $aMartron, Michel.$0(OLS)http://pul/name/66027 850 $aPUL 852 $aPUL$W1$xDP1 Fondo Bordoni$y120$m3 H 14$j167105$qFondi$B173437$CPULBib$Z2$F173437 $HBor2103 $81 941 1 $a1 996 $6245$aAlliance et création / $9(OLS)http://pul/title/188121 996 $6260$aTours :$bMame$9(OLS)http://pul/publisher/60967